Personnage des aventures de Tintin : Milou (Vol.IV) - Statistiques

Statistiques générales
  • Ce quiz a été pris 27 fois
  • Le résultat moyen est 12 sur 16
Statistiques - réponses
Questions Réponses % Correct
Boisson riche en calcium dont se délecte Milou lorsque la camionnette d'un marchand à exploser devant le château de Moulinsart à la suite des expériences du professeur Tournesol. Du lait
100%
Sens qui est particulièrement développé chez Milou et qui lui permet de suivre la trace de voyous par exemple. L'odorat / Le flair
100%
Personnage enfant qui "arrange" Milou avec un bonnet d'âne sur la tête et un foulard autour du cou. Abdallah
93%
Créature "abominable" dont Milou est le premier à repérer les traces de pas. Plus tard, Milou se régalera de son garde-manger découvert dans une grotte. Le yeti
93%
Crustacé qui pince le nez de Milou. Un crabe
93%
Dispositif que Milou a repéré dans la soute à bagages de l'avion qui renvoyait Tintin et Haddock de Wadesdah à Beyrouth. Il tente d'alerter Tintin mais celui-ci s'imagine qu'il a seulement envie de jouer. Or un réacteur est en train de prendre feu et ce n'est pas le moment de jouer. Une bombe
93%
Dispositif permettant de se protéger d'une averse. Milou retrouve à deux reprises celui qui appartient à Tournesol, une première fois chez Alfredo Topolino et ensuite, aux objets trouvés à Genève. Le parapluie
86%
Créatures qui apparaissent dans l'esprit de Milou devant une flaque de whisky qui s'est répandue à terre alors que la fiole est tombée du sac du capitaine. Les mêmes créatures réapparaissent plus tard devant un bel os, alors que Tintin l'avait chargé de transmettre un message demandant des secours. Un ange
86%
Créatures qui apparaissent dans l'esprit de Milou devant une flaque de whisky qui s'est répandue à terre alors que la fiole est tombée du sac du capitaine. Les mêmes créatures lui réapparaissent plus tard devant un bel os, alors que Tintin lui avait chargé de transmettre un message demandant des secours. Un démon
79%
Phénomène naturel se produisant dans des montagnes enneigées, phénomène qui a frappé Tintin, Milou, Haddock et Tharkey, ce pourquoi Tintin a demandé à Milou de transmettre un message appelant au secours. Une avalanche
79%
Ouverture naturelle de la glace des glaciers. Milou hurle à la mort lorsque Tintin est tombé dans l'une d'elle, ce qui alerte Haddock et Tharkey. Une crevasse
79%
Nom que Foudre bénie donne à Milou : Neige-du-____. Matin
64%
Animal qu'est Aïcha à qui Milou convoite un os dans le repaire de Mohammed Ben Kalish Ezab. Un guépard
64%
Bijou appartenant à Bianca Castafiore que Milou retrouve après que les Dupondts l'ont laissé tomber par mégarde. L'émeraude
57%
Oiseau qui repêche Milou dans les eaux du Lac Léman après l'accident de Tintin, Haddock et de leur chauffeur de taxi, provoqué par des bandits. Un cygne
50%
Prénom du paparazzo du Tempo di Roma qui s'est incrusté une première fois au château de Moulinsart. Milou est le premier à avoir repéré sa trace. Il est revenu au moment où Bianca Castafiore chante au château pour la télévision. Gino
21%
Aucun quiz correspondant
Distribution des résultats
% des personnes avec chaque résultat
Percentile par nombre de réponses
Votre historique - résultats
Vous n’avez pas pris ce quiz